[Event "Araraquara op 2nd"]
[Site "Araraquara"]
[Date "2024.02.12"]
[Round "5"]
[White "Cristino, Felipe Borges"]
[Black "Sampaio, Andre Luiz"]
[Result "1-0"]
[WhiteElo "1890"]
[BlackElo "1624"]
[PlyCount "62"]
[EventDate "2024.02.10"]
[EventType "swiss"]
[EventRounds "7"]
[EventCountry "BRA"]
[SourceTitle "CBM 218 Extra"]
[Source "ChessBase"]
[SourceDate "2024.03.31"]
[SourceVersion "1"]
[SourceVersionDate "2024.03.31"]
[SourceQuality "1"]

1. d4 d5 2. c4 e6 3. cxd5 exd5 4. Nc3 Nf6 5. Bg5 Be7 6. e3 c6 7. Bd3 h6 8. Bh4 0-0 9. Nge2 Nh5 10. Bxe7 Qxe7 11. Qd2 b5 12. 0-0-0 a5 13. Kb1 a4 14. Rc1 Nf6 15. f3 Na6 16. Rhg1 Nb4 17. g4 Nxd3 18. Qxd3 Nh7 19. h4 b4 20. Nd1 Ba6 21. Qd2 Bc4 22. g5 hxg5 23. hxg5 Nxg5 24. Rg3 Qf6 25. Nf4 Ne6 26. Rg4 Nxf4 27. Rxf4 Qg6+ 28. Ka1 Rfb8 29. Qh2 Qd6 30. Nf2 b3 31. Rh1 Kf8 1-0

[Event "Florianopolis op 9th"]
[Site "Florianopolis"]
[Date "2023.01.25"]
[Round "4"]
[White "Cristino, Felipe Borges"]
[Black "Kawamoto, Victor Misao Buriti"]
[Result "1-0"]
[WhiteElo "1893"]
[BlackElo "1800"]
[PlyCount "75"]
[EventDate "2023.01.23"]
[EventType "swiss"]
[EventRounds "10"]
[EventCountry "BRA"]
[SourceTitle "CBM 212 Extra"]
[Source "ChessBase"]
[SourceDate "2023.03.31"]
[SourceVersion "1"]
[SourceVersionDate "2023.03.31"]
[SourceQuality "1"]

1. d4 Nf6 2. c4 g6 3. Nc3 d5 4. cxd5 Nxd5 5. Bd2 Bg7 6. e4 Nb6 7. Be3 Nc6 8. Bb5 0-0 9. Nge2 Bg4 10. f3 Bd7 11. Qd3 Nb4 12. Qd2 Bxb5 13. Nxb5 Nc4 14. Qxb4 Nxe3 15. Qc3 Nxg2+ 16. Kf2 Nh4 17. Qxc7 Qxc7 18. Nxc7 Rac8 19. Rac1 Rfd8 20. Rhd1 Rd7 21. Nb5 Rxc1 22. Rxc1 a6 23. Rc8+ Bf8 24. Nbc3 f6 25. d5 Kf7 26. Nd4 Bh6 27. Ne6 g5 28. Ne2 Ng6 29. N2d4 Ne5 30. Nf5 Kg6 31. Rg8+ Kh5 32. Ned4 Nf7 33. Kg2 Nd6 34. Kh3 Nxe4 35. fxe4 g4+ 36. Rxg4 Bg5 37. Ne6 h6 38. Nf8 1-0

[Event "Campo Grande Radio Clube op 2nd"]
[Site "Campo Grande"]
[Date "2021.12.04"]
[Round "4"]
[White "Cristino, Felipe Borges"]
[Black "Oshiro, Edson Hidenobu"]
[Result "1-0"]
[WhiteElo "1895"]
[BlackElo "1845"]
[PlyCount "75"]
[EventDate "2021.12.02"]
[EventType "swiss"]
[EventRounds "5"]
[EventCountry "BRA"]
[SourceTitle "CBM 205 Extra"]
[Source "ChessBase"]
[SourceDate "2022.01.31"]
[SourceVersion "1"]
[SourceVersionDate "2022.01.31"]
[SourceQuality "1"]

1. d4 d5 2. c4 c6 3. cxd5 cxd5 4. Nc3 Nc6 5. Nf3 Bf5 6. e3 e6 7. a3 Bd6 8. Be2 h6 9. Bd2 Nf6 10. b4 a6 11. Na4 0-0 12. Rc1 Nd7 13. 0-0 Rc8 14. Nc5 Bxc5 15. dxc5 e5 16. Qb3 e4 17. Nd4 Nxd4 18. exd4 Nf6 19. a4 Be6 20. b5 axb5 21. axb5 Nd7 22. Bb4 Re8 23. c6 bxc6 24. bxc6 Nf8 25. Ba6 Qg5 26. Bxf8 Rxf8 27. Bxc8 Rxc8 28. Rc5 Qf6 29. Qc3 Qg6 30. Rc1 f5 31. Qg3 Qf6 32. Qe5 Qxe5 33. dxe5 g5 34. c7 Kf7 35. Rd1 Ke7 36. Rc6 Kd7 37. Rd6+ Ke7 38. Rc1 1-0

[Event "Campo Grande Radio Clube op 2nd"]
[Site "Campo Grande"]
[Date "2021.12.02"]
[Round "1"]
[White "Spinola, Guilherme Grava"]
[Black "Cristino, Felipe Borges"]
[Result "0-1"]
[WhiteElo "1703"]
[BlackElo "1895"]
[PlyCount "84"]
[EventDate "2021.12.02"]
[EventType "swiss"]
[EventRounds "5"]
[EventCountry "BRA"]
[SourceTitle "CBM 205 Extra"]
[Source "ChessBase"]
[SourceDate "2022.01.31"]
[SourceVersion "1"]
[SourceVersionDate "2022.01.31"]
[SourceQuality "1"]

1. e4 c5 2. Nc3 e5 3. Nf3 d6 4. Bc4 Be7 5. d3 Nf6 6. Be3 a6 7. Ng5 0-0 8. 0-0 b5 9. Bb3 h6 10. Nf3 Nbd7 11. h3 Nb6 12. Qe2 Bd7 13. a3 a5 14. a4 b4 15. Nb5 Bxb5 16. axb5 a4 17. Bd5 Nbxd5 18. exd5 Nxd5 19. Qd2 Nxe3 20. Qxe3 Qd7 21. c4 bxc3 22. bxc3 Qxb5 23. d4 cxd4 24. cxd4 Bf6 25. dxe5 dxe5 26. Rab1 Qd5 27. Rfd1 Qe6 28. Ne1 a3 29. Rb6 Qe7 30. Nc2 Rfc8 31. Na1 Qc5 32. Qxc5 Rxc5 33. Rdb1 e4 34. Re1 a2 35. Rd6 Rb8 36. Rdd1 Rcb5 37. Re2 Rb1 38. Rxa2 Rxd1+ 39. Kh2 Be5+ 40. g3 Rbb1 41. f4 exf3 42. Ra8+ Kh7 0-1

[Event "Florianopolis op 7th"]
[Site "Florianopolis"]
[Date "2021.01.21"]
[Round "5"]
[White "Cristino, Felipe Borges"]
[Black "Dos Santos, Paulo H Maximo"]
[Result "1-0"]
[WhiteElo "1929"]
[BlackElo "1443"]
[PlyCount "81"]
[EventDate "2021.01.18"]
[EventType "swiss"]
[EventRounds "10"]
[EventCountry "BRA"]
[SourceTitle "CBM 200 Extra"]
[Source "ChessBase"]
[SourceDate "2021.03.31"]
[SourceVersion "1"]
[SourceVersionDate "2021.03.31"]
[SourceQuality "1"]

1. d4 f5 2. Nf3 Nf6 3. c4 e6 4. Bg5 Be7 5. Nc3 d6 6. e3 Nbd7 7. Bd3 b6 8. Qc2 Bb7 9. Bxf6 Nxf6 10. e4 fxe4 11. Nxe4 Qd7 12. 0-0 Nxe4 13. Bxe4 Bxe4 14. Qxe4 Kf7 15. h4 h6 16. h5 Rhe8 17. Rfe1 Bf6 18. d5 e5 19. b3 a5 20. a4 Rac8 21. Nh2 Kg8 22. Qg4 Qxg4 23. Nxg4 Bg5 24. Re4 Rf8 25. Nh2 Rf4 26. Rae1 Rcf8 27. f3 Rxe4 28. Rxe4 Rf4 29. Rxf4 Bxf4 30. Nf1 Kf7 31. g3 Bc1 32. Kf2 Kf6 33. g4 Kg5 34. Ng3 g6 35. Ne4+ Kf4 36. hxg6 h5 37. gxh5 Be3+ 38. Ke2 c6 39. g7 b5 40. g8Q Bf2 41. Qg4# 1-0

[Event "Sulmatogrosso-ch"]
[Site "Campo Grande"]
[Date "2017.12.16"]
[Round "6"]
[White "Cristino, Felipe Borges"]
[Black "Farias, Jose Nogueira de"]
[Result "1/2-1/2"]
[WhiteElo "1997"]
[BlackElo "1862"]
[PlyCount "81"]
[EventDate "2017.12.08"]
[EventType "tourn"]
[EventRounds "7"]
[EventCountry "BRA"]
[SourceTitle "EXT 2022"]
[Source "ChessBase"]
[SourceDate "2021.10.06"]
[SourceVersion "1"]
[SourceVersionDate "2021.10.06"]
[SourceQuality "1"]

1. d4 Nf6 2. Nf3 b6 3. c4 e6 4. Nc3 Bb7 5. a3 d5 6. e3 Be7 7. Be2 0-0 8. 0-0 c5 9. Ne5 dxc4 10. dxc5 Bxc5 11. Nxc4 Qxd1 12. Rxd1 Nbd7 13. b4 Be7 14. Nd6 Bxd6 15. Rxd6 Rac8 16. Bb2 Rc6 17. Rxc6 Bxc6 18. Nb5 Bxb5 19. Bxb5 Rc8 20. Rc1 Rxc1+ 21. Bxc1 Kf8 22. Bb2 Ke7 23. f3 g6 24. Kf2 Nd5 25. e4 Nc7 26. Bd3 Kd6 27. f4 e5 28. g3 f6 29. Bc4 b5 30. Bg8 Nf8 31. fxe5+ fxe5 32. Ke3 Ne8 33. Kd3 Nf6 34. Bb3 Ne6 35. Bd1 Ng5 36. Bc1 Ne6 37. Be3 a6 38. h3 Nd7 39. a4 Nb8 40. axb5 axb5 41. Bg4 1/2-1/2

[Event "Sulmatogrosso-ch"]
[Site "Campo Grande"]
[Date "2017.12.08"]
[Round "1"]
[White "Cristino, Felipe Borges"]
[Black "Andrade, Guilherme A de Sou"]
[Result "0-1"]
[WhiteElo "1997"]
[BlackElo "1603"]
[PlyCount "84"]
[EventDate "2017.12.08"]
[EventType "tourn"]
[EventRounds "7"]
[EventCountry "BRA"]
[SourceTitle "EXT 2022"]
[Source "ChessBase"]
[SourceDate "2021.10.06"]
[SourceVersion "1"]
[SourceVersionDate "2021.10.06"]
[SourceQuality "1"]

1. e4 c6 2. d4 d5 3. e5 Bf5 4. Nf3 e6 5. Bd3 Bxd3 6. Qxd3 Qa5+ 7. c3 Qa6 8. Qxa6 Nxa6 9. 0-0 c5 10. a3 Ne7 11. b4 cxb4 12. cxb4 Nc7 13. Bb2 Nc6 14. Nc3 b5 15. Rfc1 Kd7 16. Nb1 Be7 17. Rc3 a5 18. bxa5 Nxa5 19. Bc1 h6 20. Ne1 b4 21. Rg3 Rhg8 22. axb4 Bxb4 23. Nc2 Be7 24. h3 Nc6 25. Rxa8 Nxa8 26. Nc3 h5 27. Rf3 f6 28. exf6 Bxf6 29. Rd3 Nb6 30. Ba3 Nc4 31. Bc5 Rb8 32. Nd1 Rb1 33. Kh2 h4 34. g3 Nd6 35. f3 Nf5 36. g4 Nfe7 37. Ne1 Ng6 38. Ng2 Bg5 39. Ba3 Nb4 40. Bxb4 Rxb4 41. Nc3 Rb2 42. Kg1 Rxg2+ 0-1

[Event "Florianopolis op 3rd"]
[Site "Florianopolis"]
[Date "2017.01.22"]
[Round "4"]
[White "Cristino, Felipe Borges"]
[Black "Goncalves, Davi Sulzbacher"]
[Result "1-0"]
[WhiteElo "1935"]
[BlackElo "2221"]
[PlyCount "113"]
[EventDate "2017.01.20"]
[EventType "swiss"]
[EventRounds "10"]
[EventCountry "BRA"]
[SourceTitle "CBM 176 Extra"]
[Source "ChessBase"]
[SourceDate "2017.03.02"]
[SourceVersion "1"]
[SourceVersionDate "2017.03.02"]
[SourceQuality "1"]

1. d4 Nf6 2. Nf3 c5 3. e3 g6 4. c3 Bg7 5. b3 0-0 6. Bb2 d5 7. Bd3 Qc7 8. 0-0 Nc6 9. Na3 e5 10. Nd2 cxd4 11. cxd4 e4 12. Be2 a6 13. Nc2 h5 14. Ba3 Re8 15. b4 Bg4 16. Nb3 Bxe2 17. Qxe2 Na7 18. Rfc1 Nb5 19. Bb2 Ng4 20. g3 Nd6 21. Na3 Qe7 22. Rc5 b6 23. Rc6 b5 24. Nc5 Nc4 25. Nxc4 bxc4 26. Rxa6 Rxa6 27. Nxa6 Qb7 28. b5 Rc8 29. a4 Bf8 30. Bc3 Nf6 31. Nc5 Qb6 32. Qb2 Rb8 33. Rb1 h4 34. a5 Qd8 35. b6 Ng4 36. h3 hxg3 37. hxg4 Qh4 38. fxg3 Qxg3+ 39. Kh1 Bd6 40. Re1 Kg7 41. Qg2 Qh4+ 42. Kg1 Bg3 43. Re2 Rh8 44. Nxe4 dxe4 45. d5+ f6 46. Qxe4 Bh2+ 47. Kf1 Bd6 48. a6 Qh3+ 49. Qg2 Qh1+ 50. Qxh1 Rxh1+ 51. Kg2 Rh2+ 52. Kf3 Rh3+ 53. Ke4 Rh8 54. Bd4 Re8+ 55. Kf3 Kf7 56. a7 c3 57. b7 1-0

[Event "Sulmatogrosso-ch"]
[Site "Campo Grande"]
[Date "2016.12.??"]
[Round "4"]
[White "Duailibi, Ricardo Miguel"]
[Black "Cristino, Felipe Borges"]
[Result "0-1"]
[WhiteElo "1919"]
[BlackElo "1935"]
[PlyCount "114"]
[EventDate "2016.12.16"]
[EventType "tourn"]
[EventRounds "7"]
[EventCountry "BRA"]
[SourceTitle "EXT 2022"]
[Source "ChessBase"]
[SourceDate "2021.10.06"]
[SourceVersion "1"]
[SourceVersionDate "2021.10.06"]
[SourceQuality "1"]

1. e4 Nc6 2. d4 d5 3. e5 Bf5 4. Nf3 e6 5. c3 f6 6. exf6 gxf6 7. Nh4 Bg6 8. Nxg6 hxg6 9. Bd3 Nge7 10. Qg4 Kf7 11. Bf4 Nf5 12. Nd2 Bd6 13. Bg3 a6 14. h4 Qd7 15. Bxd6 cxd6 16. 0-0-0 Rag8 17. Bxf5 gxf5 18. Qf3 b5 19. g3 b4 20. Kb1 a5 21. Rc1 Rc8 22. Qd3 bxc3 23. bxc3 e5 24. dxe5 dxe5 25. Rhd1 e4 26. Qe2 a4 27. Nf1 Ne5 28. Ne3 Rc5 29. Ka1 Nf3 30. Qa6 Rhc8 31. Rxd5 Rxd5 32. Nxd5 Rc6 33. Qa5 Ne5 34. Ne3 Nd3 35. Rd1 Kg6 36. h5+ Kxh5 37. Nxf5 Rc5 38. Qxc5 Nxc5 39. Rxd7 Nxd7 40. Ne3 Ne5 41. c4 Nd3 42. Kb1 Kg6 43. Nd1 Kf5 44. Kc2 Nb4+ 45. Kb2 Nd3+ 46. Kc3 Ke5 47. f4+ Kd6 48. Kd4 f5 49. Nc3 Nc1 50. Nb5+ Kc6 51. Nc3 a3 52. Ke5 e3 53. Kxf5 Nxa2 54. Ne2 Nb4 55. Ke4 a2 56. Nd4+ Kd7 57. Nb3 e2 0-1

[Event "Campo Grande Challenger"]
[Site "Campo Grande"]
[Date "2016.06.11"]
[Round "3.1"]
[White "Duailibi, Ricardo Miguel"]
[Black "Cristino, Felipe Borges"]
[Result "1/2-1/2"]
[WhiteElo "1889"]
[BlackElo "1892"]
[PlyCount "74"]
[EventDate "2016.06.10"]
[EventType "tourn"]
[EventRounds "5"]
[EventCountry "BRA"]
[SourceTitle "EXT 2022"]
[Source "ChessBase"]
[SourceDate "2021.10.06"]
[SourceVersion "1"]
[SourceVersionDate "2021.10.06"]
[SourceQuality "1"]

1. e4 g6 2. d4 Bg7 3. Nf3 d6 4. Nc3 c5 5. dxc5 Bxc3+ 6. bxc3 dxc5 7. Qxd8+ Kxd8 8. Ne5 Be6 9. Be3 b6 10. 0-0-0+ Kc8 11. Nc6 a6 12. Rd8+ Kc7 13. Rxb8 Rxb8 14. Nxb8 Kxb8 15. Bxa6 Nf6 16. f3 Rd8 17. Bg5 Ng8 18. Rd1 Rxd1+ 19. Kxd1 Nf6 20. Bf4+ Ka7 21. Bb5 Kb7 22. Bg5 Kc7 23. Kd2 Kd8 24. Kd3 Bc8 25. a4 Ne8 26. Bc4 Nd6 27. Ba2 Ba6+ 28. c4 Nb7 29. Bd2 Na5 30. Bxa5 bxa5 31. Ke3 Kd7 32. Kf4 f6 33. e5 Ke6 34. exf6 exf6 35. h4 h6 36. c3 f5 37. g4 Kf6 1/2-1/2

[Event "Campo Grande Challenger"]
[Site "Campo Grande"]
[Date "2016.06.10"]
[Round "1.1"]
[White "Gazineu Neto, Rubens"]
[Black "Cristino, Felipe Borges"]
[Result "0-1"]
[WhiteElo "1978"]
[BlackElo "1892"]
[PlyCount "148"]
[EventDate "2016.06.10"]
[EventType "tourn"]
[EventRounds "5"]
[EventCountry "BRA"]
[SourceTitle "EXT 2022"]
[Source "ChessBase"]
[SourceDate "2021.10.06"]
[SourceVersion "1"]
[SourceVersionDate "2021.10.06"]
[SourceQuality "1"]

1. e4 g6 2. d4 Bg7 3. Nf3 d6 4. Bd3 c5 5. c3 cxd4 6. cxd4 Nf6 7. 0-0 0-0 8. Nc3 Nfd7 9. Be3 Nc6 10. Rc1 Nb6 11. b3 Bd7 12. Qd2 Re8 13. d5 Nb4 14. Be2 Na6 15. Bxa6 bxa6 16. Ne2 Qb8 17. Bd4 Bb5 18. Bxg7 Kxg7 19. Nfd4 Nd7 20. Rc3 Nc5 21. Rh3 h5 22. Ng3 Rh8 23. Nxb5 axb5 24. Qd4+ Kg8 25. Nf5 Qf8 26. Rg3 Kh7 27. Ne3 Qg7 28. Qxg7+ Kxg7 29. f3 Rhc8 30. Nf5+ Kf6 31. Nd4 Nd3 32. f4 Nb4 33. a3 Nc2 34. Nc6 Nxa3 35. e5+ dxe5 36. fxe5+ Kg7 37. Nxe7 Rf8 38. d6 Kh7 39. Rc1 b4 40. Nd5 a5 41. Rc7 Nb5 42. Nf6+ Kh6 43. Rc4 Nc3 44. Kf2 Rac8 45. Rxc8 Rxc8 46. d7 Rd8 47. Rd3 Kg5 48. Ke3 Kf5 49. Kd4 Ne2+ 50. Kc5 Kxe5 51. Kc6 Nf4 52. Re3+ Kxf6 53. Rf3 Ke7 54. Rxf4 Rxd7 55. Re4+ Kd8 56. Kb6 Rd5 57. g4 Kd7 58. h4 hxg4 59. Rxg4 Ke6 60. Rf4 g5 61. hxg5 Rxg5 62. Kc6 Re5 63. Kb6 f5 64. Ka6 Kf6 65. Rf1 Kg5 66. Rg1+ Kf4 67. Rf1+ Kg3 68. Rg1+ Kf2 69. Rg5 Ke3 70. Kb6 Kd4 71. Rg1 f4 72. Rg4 Rf5 73. Rh4 Kc3 74. Ka6 Kxb3 0-1

[Event "Ponta Pora Caissa 1st"]
[Site "Ponta Pora"]
[Date "2016.04.09"]
[Round "8"]
[White "Cristino, Felipe Borges"]
[Black "Gralha, Marcelo Ferreira"]
[Result "0-1"]
[WhiteElo "1970"]
[BlackElo "1984"]
[PlyCount "80"]
[EventDate "2016.04.01"]
[EventType "tourn"]
[EventRounds "9"]
[EventCountry "BRA"]
[SourceTitle "EXT 2022"]
[Source "ChessBase"]
[SourceDate "2021.10.06"]
[SourceVersion "1"]
[SourceVersionDate "2021.10.06"]
[SourceQuality "1"]

1. e4 e5 2. Nf3 Qe7 3. Bc4 h6 4. d4 d6 5. Nc3 c6 6. dxe5 dxe5 7. Be3 Nf6 8. Qd3 Qc7 9. h3 Be7 10. g4 Nbd7 11. 0-0-0 b5 12. Bb3 a5 13. g5 hxg5 14. Nxg5 Rf8 15. a4 b4 16. Ne2 Nb6 17. Bxb6 Qxb6 18. Bc4 Ba6 19. f4 Bxc4 20. Qxc4 Qc5 21. Qd3 exf4 22. e5 Nd5 23. Ne4 Qe3+ 24. Qxe3 fxe3 25. Nd4 Kd7 26. Rd3 Rh8 27. c4 bxc3 28. Nxc3 Nb4 29. Rdd1 Kc7 30. Nf5 Bg5 31. Rdg1 Bf4 32. Rg4 g5 33. Ne2 Nd3+ 34. Kc2 Nf2 35. Nxf4 gxf4 36. Rc1 Nxg4 37. hxg4 Rh2+ 38. Kc3 Rd8 39. Nd4 Rd5 40. b3 Rc5+ 0-1

[Event "Campo Grande Brasil op"]
[Site "Campo Grande"]
[Date "2015.10.11"]
[Round "5"]
[White "Cristino, Felipe Borges"]
[Black "Gralha, Marcelo Ferreira"]
[Result "0-1"]
[WhiteElo "1994"]
[BlackElo "2042"]
[PlyCount "97"]
[EventDate "2015.10.09"]
[EventType "swiss"]
[EventRounds "7"]
[EventCountry "BRA"]
[SourceTitle "CBM 168 Extra"]
[Source "ChessBase"]
[SourceDate "2015.10.29"]
[SourceVersion "1"]
[SourceVersionDate "2015.10.29"]
[SourceQuality "1"]

1. d4 Nf6 2. c4 g6 3. Nc3 Bg7 4. e4 d6 5. f4 c5 6. d5 0-0 7. Nf3 e6 8. dxe6 Bxe6 9. Bd3 Nc6 10. Qe2 Bg4 11. Be3 Nh5 12. 0-0-0 Nd4 13. Qf2 Bxf3 14. gxf3 a6 15. Bb1 b5 16. Rxd4 cxd4 17. Bxd4 Nxf4 18. Bxg7 Kxg7 19. Qd4+ Kg8 20. Qd2 Qf6 21. cxb5 axb5 22. Nxb5 Rfc8+ 23. Nc3 Ra6 24. Bc2 Rac6 25. Rd1 Rb8 26. Bb3 Kg7 27. Kb1 Ne6 28. Qe3 Nf4 29. Kc2 Kg8 30. Qd4 Qxd4 31. Rxd4 Ne2 32. Rc4 Rxc4 33. Bxc4 Nd4+ 34. Kd3 Nxf3 35. Bb5 Nxh2 36. a4 g5 37. a5 Nf3 38. Ke3 Ne5 39. a6 h5 40. b4 h4 41. Bf1 g4 42. b5 h3 43. Kf2 h2 44. Kg2 g3 45. Nd5 Ng4 46. Nf6+ Nxf6 47. b6 Rxb6 48. a7 Rb2+ 49. Kh1 0-1

[Event "Campo Grande Brasil op"]
[Site "Campo Grande"]
[Date "2015.10.11"]
[Round "4"]
[White "Serafim Junior, Arnor"]
[Black "Cristino, Felipe Borges"]
[Result "1-0"]
[WhiteElo "1849"]
[BlackElo "1994"]
[PlyCount "97"]
[EventDate "2015.10.09"]
[EventType "swiss"]
[EventRounds "7"]
[EventCountry "BRA"]
[SourceTitle "CBM 168 Extra"]
[Source "ChessBase"]
[SourceDate "2015.10.29"]
[SourceVersion "1"]
[SourceVersionDate "2015.10.29"]
[SourceQuality "1"]

1. Nf3 Nf6 2. g3 d5 3. Bg2 c6 4. 0-0 Bg4 5. d3 e6 6. Nbd2 Bd6 7. Qe1 Nbd7 8. e4 Qc7 9. d4 dxe4 10. Nxe4 Nxe4 11. Qxe4 Nf6 12. Qd3 h6 13. Re1 Bf5 14. Qxf5 0-0 15. Qd3 Rfd8 16. Qe2 a5 17. c4 a4 18. Bd2 Qe7 19. Bc3 Bc7 20. Rad1 Rac8 21. Nh4 Re8 22. d5 Qc5 23. Bxf6 gxf6 24. Qg4+ Kh8 25. dxe6 h5 26. Qf5 Qxf5 27. Nxf5 Rxe6 28. Rxe6 fxe6 29. Nd6 Rb8 30. Ne4 Be5 31. Nc5 Bxb2 32. Nxe6 Re8 33. Rd8 Rg8 34. Rxg8+ Kxg8 35. Nd8 b6 36. Bxc6 a3 37. h4 Kf8 38. Ne6+ Ke7 39. Nf4 Kd6 40. Ba4 Kc5 41. Bb3 Kd4 42. Nxh5 Ke4 43. Nf4 Bd4 44. h5 Kf5 45. h6 Ke4 46. h7 f5 47. Ng6 f4 48. h8Q Bxh8 49. Nxh8 1-0